Tuổi già

Uloženo v:
Podrobná bibliografie
Hlavní autor: Sơn Nam
Médium: Kniha
Jazyk:Undetermined
Vydáno: H. Văn Học 1997
Témata:
Tagy: Přidat tag
Žádné tagy, Buďte první, kdo otaguje tento záznam!
Thư viện lưu trữ: Trung tâm Học liệu Trường Đại học Cần Thơ
LEADER 00472nam a2200193Ia 4500
001 CTU_53176
008 210402s9999 xx 000 0 und d
020 |b 10000 
082 |a 895.922334 
082 |b S464 
100 |a Sơn Nam 
245 0 |a Tuổi già 
245 0 |c Sơn Nam 
260 |a H. 
260 |b Văn Học 
260 |c 1997 
650 |a vietnamese literature 
650 |y 20th century 
980 |a Trung tâm Học liệu Trường Đại học Cần Thơ